logo

Bir Sreshtho Munshi Abdur Rouf Library
Jhenaidah Cadet College

The young Baden-Powell / (Record no. 7251)

MARC details
000 -LEADER
fixed length control field 00694cam a2200229u 4500
001 - CONTROL NUMBER
JCCL Control Number 7251
003 - CONTROL NUMBER IDENTIFIER
JCCL marc code BD-JhCC
005 - DATE AND TIME OF LATEST TRANSACTION
control field 20180422083856.0
008 - FIXED-LENGTH DATA ELEMENTS--GENERAL INFORMATION
fixed length control field 830715t19621961nyua j 000 0beng
035 ## - SYSTEM CONTROL NUMBER
system control number (BD-JhCC)7251
040 ## - CATALOGING SOURCE
Original cataloging agency DLC
Transcribing agency CarP
Modifying agency DLC
-- (BD-JhCC)
041 ## - LANGUAGE CODE
Language code of Book eng
050 00 - LIBRARY OF CONGRESS CALL NUMBER
Classification number DA68.32.B2
Item number C3 1962
082 ## - DEWEY DECIMAL CLASSIFICATION NUMBER
Author mark and Year CAT 1965
Classification number 823.91
100 1# - MAIN ENTRY--PERSONAL NAME
Personal name Catherall, Arthur, 1906- [from old catalog]
245 14 - TITLE STATEMENT
Title The young Baden-Powell /
Statement of responsibility, etc Arthur Catherall,
260 ## - PUBLICATION, DISTRIBUTION, ETC. (IMPRINT)
Place of publication, distribution, etc New York,
Name of publisher, distributor, etc Roy Publishers
Date of publication, distribution, etc [1962, c1961]
300 ## - PHYSICAL DESCRIPTION
Pagination 136 p.
Other physical details illus.
Dimensions 21 cm.
600 10 - SUBJECT ADDED ENTRY--PERSONAL NAME
Personal name Baden-Powell of Gilwell, Robert Stephenson Smyth Baden-Powell,
Titles and other words associated with a name Baron,
Dates associated with a name 1857-1941
942 ## - ADDED ENTRY ELEMENTS (KOHA)
Source of classification or shelving scheme Dewey Decimal Classification
Koha item type Books
Holdings
Source of classification or shelving scheme Damaged status Not for loan Home library Current library Shelving location Total Checkouts Full call number Barcode Date last seen Copy number Koha item type
Dewey Decimal Classification     JCC Rouf Library JCC Rouf Library General Stacks   823.91 CAT 1965 9816 02/06/2018 C - 1 Books

JCC Library | Contacts | JCC Home

Last Update on 23 September 2017
Copyright @ 2017-2020 JCC Rouf Library
Rouf Library, Jhenidah Cadet College (JCC), Bangladesh